00496nam a2200193 a 4500001001300000003000900013005001700022008004100039020001000080082001600090100002000106245003400126260004100160300000800201500003500209505001200244650002600256700002000282nice12345678IN_TiNIC20260116011814.0050524s0000 luca grp 000 0 urd  ac10000a297.61bALT aAltafurrahman,  aAhwal-I-Ulama-I-Farangi Mahal aLucknowbMujtabai Presslucknowc0000 a84p aincludes index and biblioraphy2 aReserve aIslam-Biography-Ulama1 aAltafurrahman,